Central Library OPAC University of Rajshahi

طه حسين ورواياته التاريخية =Taha Hussein and his historical novels / (Record no. 83271)

MARC details
000 -LEADER
fixed length control field 00759nam a2200205 a 4500
001 - CONTROL NUMBER
RUCL Control Number 83271
003 - CONTROL NUMBER IDENTIFIER
rucl marc code BD-RjUL
005 - DATE AND TIME OF LATEST TRANSACTION
control field 20240308161901.0
008 - FIXED-LENGTH DATA ELEMENTS--GENERAL INFORMATION
fixed length control field 240308s2022 b ||||| |||| 00| 0 eng d
035 ## - SYSTEM CONTROL NUMBER
system control number 83271
082 ## - DEWEY DECIMAL CLASSIFICATION NUMBER
DDC Edition number 23
Classification number 892.73358
Author mark and Year MUT 2022
100 ## - MAIN ENTRY--PERSONAL NAME
Personal name .Muhibbullah, H.M
9 (RLIN) 12145
245 ## - TITLE STATEMENT
Title طه حسين ورواياته التاريخية =Taha Hussein and his historical novels /
Statement of responsibility, etc H.M.Muhibbullah
Name of Supervisor/Co-Supervisor S.M.Abdus Salam
260 ## - PUBLICATION, DISTRIBUTION, ETC. (IMPRINT)
Place of publication, distribution, etc Rajshahi :
Name of publisher, distributor, etc Department of Arabic Rajshahi University,
Date of publication, distribution, etc 2022
300 ## - PHYSICAL DESCRIPTION
Pagination v, 322 p.;
Dimensions 28 cm
502 ## - DISSERTATION NOTE
Dissertation note Thesis (Ph. D.) -- Department of Arabic University of Rajshahi 2022
504 ## - BIBLIOGRAPHY, ETC. NOTE
Bibliography, etc Includes Bibliographies at the end of the thesis
700 ## - ADDED ENTRY--SUPERVISOR/CO-SUPERVISOR NAME
Personal name Supervisor .Abdus Salam, S.M
9 (RLIN) 12146
942 ## - ADDED ENTRY ELEMENTS (KOHA)
Source of classification or shelving scheme Dewey Decimal Classification
Koha item type Theses
Holdings
Source of classification or shelving scheme Damaged status Not for loan Collection code Permanent Location Current Location Shelving location Date of accession Source of acquisition Total Checkouts Full call number Barcode Date last seen Copy number Thesis
Dewey Decimal Classification   Not For Loan Theses Central Library, University of Rajshahi Central Library, University of Rajshahi Documentation Section 27/11/2023 Author   A THE 892.73358 MUT 2022 D4941 08/03/2024 C-1 Theses